Curso para jóvenes hadas buenas / (Registro nro. 11585)

Detalles MARC
000 -LIDER
fixed length control field 00514nam a22001817a 4500
001 - NÚMERO DE CONTROL
Identificador de número de control 000560
003 - IDENTIFICACDOR DE NÚMERO DE CONTROL
control field DO-SdBNP
005 - DATE AND TIME OF LATEST TRANSACTION
control field 20180205113230.0
008 - ELEMENTOS DE LONGITUD FIJA
fixed length control field 180205b xxu||||| |||| 00| 0 spa d
020 ## - ISBN
International Standard Book Number 8424621603
040 ## - FUENTE DE CATALOGACIÓN
Agencia que crea de manera original el registro BPMSU
Idioma de catalogación spa
Agencia que realiza la transcripción BPMSU
100 1# - ASIENTO PRINCIPAL -- NOMBRE PERSONAL
Nombre personal Pradas, Núria
245 10 - MENCIÓN DE TITULO
Título Curso para jóvenes hadas buenas /
Mención de responsabilidad Núria Pradas, ilustraciones Miriam Bauer
260 ## - PUBLICACIÓN, DISTRIBUCIÓN, ETC. (PIE DE IMPRENTA)
Lugar de publicación, distribución, etc Barcelona :
Nombre del editor, distribuidor, etc. La Galera,
Fecha de publicación, distribución, etc 2006.
700 ## - ASIENTO SECUNDARIO -- NOMBRE PERSONAL
Nombre personal Bauer, Míriam
Mención de responsabilidad il.
942 ## - ADDED ENTRY ELEMENTS (KOHA)
Source of classification or shelving scheme Dewey Decimal Classification
Koha item type Libros
945 ## - INFORMACIÓN DE PROCESAMIENTO LOCAL
Información de procesamiento local Inventariado, 2018/MFF
Existencias
Withdrawn status Lost status Source of classification or shelving scheme Damaged status Not for loan Collection code Home library Current library Date acquired Source of acquisition Total Checkouts Barcode Date last seen Price effective from Koha item type
    Dewey Decimal Classification     Colección Infantil General Biblioteca Pública Metropolitana Salomé Ureña Biblioteca Pública Metropolitana Salomé Ureña 10/17/2016 Donación   BPMSU16100216 10/17/2016 10/17/2016 Libros